000 00469nam a22001817a 4500
003 LK-CoDNM
005 20241230140610.0
008 241230b |||||||| |||| 00| 0 eng d
040 _aLK-CoDNM
_dLK-CoDNM
_eLK-CoDNM
041 _aeng
080 _a3
_bJ24
100 _aGeorge Francis Hampson
245 _aLepidoptera Heterocera
260 _aLondon
_bPrinted By Order Of The Trustees
_c1893
300 _a182p. : ill , 28 cm
650 _aScience
942 _cBK
999 _c234367
_d234367